Index: modo et ratione ordinatus
Сохранить в:
| Главный автор: | |
|---|---|
| Формат: | |
| Язык: | латинский |
| Опубликовано: |
Milán
Cisalpino-Goliardica
1988
|
| Предметы: | |
| Метки: |
Добавить метку
Нет меток, Требуется 1-ая метка записи!
|
MARC
| LEADER | 00000nam a2200000 a 4500 | ||
|---|---|---|---|
| 001 | UCV2770 | ||
| 003 | CL-VaPUC | ||
| 008 | 921105e19880000it |||||||||||||||||lat|d | ||
| 082 | 0 | 4 | |a 016.34054 |b SAR |2 21 |
| 100 | 0 | |a Sargenti, Manlio |e author |9 297035 | |
| 245 | 1 | 0 | |a Index: modo et ratione ordinatus |
| 300 | |a 3 v | ||
| 942 | |c BK | ||
| 945 | |d 19921105 00:00:00 | ||
| 260 | |a Milán |b Cisalpino-Goliardica |c 1988 | ||
| 500 | |a Operum ad ius romanum pertinentium quae inde ab anno MCMLXXI usque ad annus MCMLXXX edita sunt | ||
| 500 | |a v.1: A - H | ||
| 500 | |a v.2: I - M | ||
| 500 | |a v.3: N - Z | ||
| 650 | 0 | |a Bibliografías |9 257071 | |
| 650 | 0 | |a Derecho romano |9 255930 | |
| 999 | |c 210258 |d 210256 | ||
| 583 | |k Rodrigo Vera | ||
| 952 | |0 0 |1 0 |4 0 |6 016_340540000000000_SAR_1988 |7 0 |8 DER_ROM |9 186359 |a BIBDER |b BIBDER |d 2019-11-14 |h v.1 |i 2538377 |o 016.34054 SAR 1988 |p 2538377 |r 2023-01-25 |w 2019-11-14 |x Ubicación 4to piso |y BK_X |z Este recurso debe solicitarse con anticipación |k DER | ||
| 952 | |0 0 |1 0 |4 0 |6 016_340540000000000_SAR_1988 |7 0 |8 DER_ROM |9 186360 |a BIBDER |b BIBDER |d 2019-11-14 |h v.2 |i 2538385 |o 016.34054 SAR 1988 |p 2538385 |r 2023-01-25 |w 2019-11-14 |x Ubicación 4to piso |y BK_X |z Este recurso debe solicitarse con anticipación |k DER | ||
| 952 | |0 0 |1 0 |4 0 |6 016_340540000000000_SAR_1988 |7 0 |8 DER_ROM |9 186361 |a BIBDER |b BIBDER |d 2019-11-14 |h v.3 |i 2538393 |o 016.34054 SAR 1988 |p 2538393 |r 2023-01-25 |w 2019-11-14 |x Ubicación 4to piso |y BK_X |z Este recurso debe solicitarse con anticipación |k DER | ||